| 000 | 00699nam a2200253Ia 4500 | ||
|---|---|---|---|
| 003 | OSt | ||
| 005 | 20220928122217.0 | ||
| 006 | a|||||r|||| 00| 0 | ||
| 007 | ta | ||
| 008 | 220927b |||||||| |||| 00| 0 eng d | ||
| 024 | _a31850 | ||
| 037 | _cTextual | ||
| 040 |
_aSDCL _cSDCL _beng |
||
| 041 |
_2eng _aeng |
||
| 082 | _aB313N, P3 | ||
| 100 |
_aGil' Michael I _9456629 |
||
| 245 | 0 | _aOperator functions and localization of spectra. | |
| 260 |
_aBerlin _bSpringer _c2003 |
||
| 300 |
_axiv,256p. _ccm. |
||
| 490 | _aLecture notes in mathematice.1830. | ||
| 650 |
_aOperator Algebra _9443800 |
||
| 942 |
_hB313N, P3 _cTEXL _2CC |
||
| 999 |
_c770212 _d770212 |
||